MARC details
| 000 -CABECERA |
| campo de control de longitud fija |
01430nam a2200205 a 4500 |
| 001 - NÚMERO DE CONTROL |
| campo de control |
000022159 |
| 005 - FECHA Y HORA DE LA ÚLTIMA TRANSACCIÓN |
| campo de control |
20200930011616.0 |
| 008 - DATOS DE LONGITUD FIJA--INFORMACIÓN GENERAL |
| campo de control de longitud fija |
090904s19051918sp 000 0 spa d |
| 040 ## - FUENTE DE LA CATALOGACIÓN |
| Centro catalogador/agencia de origen |
DO-SdBNP |
| Lengua de catalogación |
spa |
| Centro/agencia transcriptor |
BNPHU |
| 082 ## - NÚMERO DE LA CLASIFICACIÓN DECIMAL DEWEY |
| Número de clasificación |
946 |
| Número de documento/Ítem |
N964b |
| 245 00 - MENCIÓN DE TÍTULO |
| Título |
Nueva biblioteca de autores españoles / |
| Mención de responsabilidad, etc. |
bajo la dirección de Marcelino Menéndez y Pelayo. |
| 260 ## - PUBLICACIÓN, DISTRIBUCIÓN, ETC. |
| Lugar de publicación, distribución, etc. |
Madrid : |
| Nombre del editor, distribuidor, etc. |
Bailly-Bailliére, |
| Fecha de publicación, distribución, etc. |
1905-1918. |
| 300 ## - DESCRIPCIÓN FÍSICA |
| Extensión |
25 v. ; |
| Dimensiones |
26 cm. |
| 500 ## - NOTA GENERAL |
| Nota general |
La biblioteca posee los volumenes 2; 11, t2; 21, t.4; 22, t.2; 25, t.1 |
| 505 0# - NOTA DE CONTENIDO CON FORMATO |
| Información miscelánea |
v. 1. |
| Título |
Orígenes de la dominación española en América: estudios históricos / |
| Mención de responsabilidad |
Manuel Serrano y Sanz -- |
| Información miscelánea |
v. 2. |
| Título |
Autobiografías y memorias / |
| Mención de responsabilidad |
M. Serrano y Sanz -- |
| Información miscelánea |
v.6. |
| Título |
Libros de caballerías : 2ª pte. Ciclo de los Palmerines. Extravagantes. Glosario. Variantes. Correcciones. Indices |
| Mención de responsabilidad |
Adolfo Bonilla y San Martín -- |
| Información miscelánea |
v.11. |
| Título |
Libro de caballerías : 2ª parte. Libro de los Palmarines. Extravagantes . Glosario. Variantes. Correcciones. Indices/ |
| Mención de responsabilidad |
Adolfo Bonilla y San Martín |
| Información miscelánea |
v. 21. |
| Título |
Orígenes de la novela / |
| Mención de responsabilidad |
D. M. Menéndez y Pelayo -- |
| Información miscelánea |
v. 22. |
| Título |
Cancionero castellano del siglo XV/ |
| Información miscelánea |
V.25. |
| Título |
Orígenes de la dominación española en América |
| Mención de responsabilidad |
Manuel Serrana y Sanz |
| -- |
R. Foulché-Delbosc -- |
| 650 #4 - PUNTO DE ACCESO ADICIONAL DE MATERIA--TÉRMINO DE MATERIA |
| Término de materia o nombre geográfico como elemento de entrada |
Historia |
| Subdivisión general |
Investigaciones |
| Subdivisión geográfica |
España |
| 9 (RLIN) |
45862 |
| 651 #4 - PUNTO DE ACCESO ADICIONAL DE MATERIA--NOMBRE GEOGRÁFICO |
| Nombre geográfico |
España |
| Subdivisión general |
Historia |
| 9 (RLIN) |
8844 |
| 700 12 - PUNTO DE ACCESO ADICIONAL--NOMBRE DE PERSONA |
| Nombre de persona |
Menéndez y Pelayo, Marcelino, |
| Fechas asociadas al nombre |
1856-1912 |
| 9 (RLIN) |
3901 |
| 910 ## - DATOS DE OPCIÓN DEL USUARIO (OCLC) |
| Datos de opción del usuario |
Validado. Control de calidad MFF |